Statistiques concernant Pokémon - Attaques de type Eau

Cliquez ici pour prendre le quiz!

Statistiques générales

  • Ce quiz a été pris 1 444 fois
    (327 depuis la dernière actualisation)
  • Le résultat moyen est 20 sur 45

Statistiques - réponses

GénérationAttaque% Correct
1Hydrocanon
94%
1Surf
92%
1Cascade
90%
1Pistolet à O
87%
1Bulles d'O
80%
3Plongée
75%
1Ecume
71%
2Danse Pluie
70%
4Aqua-Jet
69%
3Vibraqua
69%
5Ebullition
66%
3Hydroblast
61%
2Siphon
59%
4Hydro-Queue
58%
3Ocroupi
58%
4Anneau Hydro
54%
5Coqui-Lame
54%
3Tourniquet
46%
5Aire d'eau
45%
1Repli
45%
7Aqua-Brèche
44%
3Giclédo
42%
8Aquatacle
41%
4Saumure
41%
8Eau Revoir
40%
6Onde Originelle
39%
6Sheauriken
38%
7Aria de l'écume
36%
8Tir de Précision
32%
1Pince-Masse
31%
6Jet de Vapeur
30%
9Danse Aquatique
28%
5Détrempage
28%
1Claquoir
27%
8Branchicrok
22%
8Fontaine de Vie
20%
2Octazooka
20%
9Poing Sonique
19%
8Torrent de Coups
19%
9Douche Froide
18%
9Tranch'Aqua
15%
9Hydrovapeur
13%
7Evo-Thalasso
10%
9Triple Plongeon
9%
7Pika-Splash
8%

Distribution des résultats

Percentile par nombre de réponses

% des personnes avec chaque résultat

Votre développement - résultats

Vous n’avez pas pris ce quiz depuis la dernière actualisation